Normal view
MARC view
- Neuman, Timothy R.
Entry Personal Name
001 - CONTROL NUMBER
- control field: 20739
003 - CONTROL NUMBER IDENTIFIER
- control field: NUST
005 - DATE AND TIME OF LATEST TRANSACTION
- control field: 20190916065210.0
008 - FIXED-LENGTH DATA ELEMENTS
- fixed length control field: 190916|| aca||aabn | a|a d
040 ## - CATALOGING SOURCE
- Original cataloging agency: NUST
- Transcribing agency: NUST
100 ## - HEADING--PERSONAL NAME
- Personal name: Neuman, Timothy R.
670 ## - SOURCE DATA FOUND
- Source citation: Work cat.: (NUST)0: Neuman, Timothy R., Intersection channelization design guide /, [1985]
